| 000 | 00761nam a2200205Ia 4500 | ||
|---|---|---|---|
| 003 | GCL | ||
| 008 | 140319s9999 xx 000 0 ara d | ||
| 040 |
_aGCL / _cGCL |
||
| 082 | 0 | 4 |
_a509 _bج ج |
| 100 | 1 | _aالجزري, ابى العزيز بن اسمعيل | |
| 245 | 1 | 0 |
_aالجامع بين العلم والعمل النافع فى صناعة الحيل / _cالجزري, ابى العزيز بن اسمعيل |
| 700 | 1 | _aاحمد يوسف الحسن | |
| 300 | _a590 | ||
| 490 |
_aسلسلة تاريخ التكنولوجيا _v0 |
||
| 650 | 0 | 4 | _aالهندسة الميكانيكية |
| 650 | 0 | 4 | _aالعلوم عند العرب |
| 650 | 0 | 4 | _aالتكنولوجيا - الاختراعات |
| 650 | 0 | 4 | _aالعلوم - تاريخ |
| 942 |
_2ddc _cBK |
||
| 999 |
_c43430 _d43430 |
||